<?xml version="1.0" encoding="UTF-8"?>
<marc:record xmlns:marc="http://www.loc.gov/MARC21/slim">
   <marc:leader>00000nam a2200000 a 4500</marc:leader>
   <marc:datafield ind1="1" ind2=" " tag="100">
      <marc:subfield code="a">Pankhurst, Kate</marc:subfield>
      <marc:subfield code="4">aut</marc:subfield>
      <marc:subfield code="e">Verfasser/-in</marc:subfield>
   </marc:datafield>
   <marc:datafield ind1="0" ind2="0" tag="245">
      <marc:subfield code="a">Haar-Alarm in Pfützenhausen</marc:subfield>
   </marc:datafield>
   <marc:datafield ind1="0" ind2="0" tag="245">
      <marc:subfield code="c">Pankhurst, Kate</marc:subfield>
   </marc:datafield>
   <marc:datafield ind1=" " ind2="1" tag="264">
      <marc:subfield code="a">Köln</marc:subfield>
      <marc:subfield code="b">Schneiderbuch Egmont</marc:subfield>
      <marc:subfield code="c">2015</marc:subfield>
   </marc:datafield>
   <marc:datafield ind1="1" ind2=" " tag="490">
      <marc:subfield code="a">Ein Fall für Kitti Krimi</marc:subfield>
      <marc:subfield code="v">Band 3</marc:subfield>
   </marc:datafield>
   <marc:datafield ind1=" " ind2=" " tag="250">
      <marc:subfield code="a">1. Aufl.</marc:subfield>
   </marc:datafield>
   <marc:datafield ind1="1" ind2=" " tag="520">
      <marc:subfield code="a">Angaben aus der Verlagsmeldung &#xD;
&#xD;
 &#xD;
&#xD;
  Ein Fall für Kitti Krimi, Band 03 : Haar-Alarm in Pfützenhausen Mariella Mystery - The Huge Hair Scare / von Kate Pankhurst &#xD;
&#xD;
 &#xD;
Ein neuer spannender Fall für Kitti Krimi und ihre besten Freundinnen Holli Holmes und Mona Maple – besser bekannt als die "Spürnasen"! In ihrer Heimatstadt Pfützenhausen tauchen immer mehr Leute mit den abgedrehtesten Frisuren auf. Sie alle berichten von einem geheimnisvollen, lila Nebel, in den sie kurz zuvor geraten sind. Absolut mysteriös … Kitti und die Spürnasen machen sich sofort daran, dieses haarsträubende Rätsel zu lösen, und stoßen dabei auf eine unglaubliche Entdeckung! Genialer Krimi-Spaß für kleine Leseratten im bewährten Comic-Roman-Stil.</marc:subfield>
   </marc:datafield>
   <marc:datafield ind1=" " ind2=" " tag="020">
      <marc:subfield code="a">9783505134227</marc:subfield>
      <marc:subfield code="9">9783505134227</marc:subfield>
   </marc:datafield>
   <marc:datafield ind1=" " ind2=" " tag="020">
      <marc:subfield code="a">3505134228</marc:subfield>
      <marc:subfield code="9">3505134228</marc:subfield>
   </marc:datafield>
   <marc:datafield ind1=" " ind2=" " tag="041">
      <marc:subfield code="a">ger</marc:subfield>
   </marc:datafield>
   <marc:datafield ind1=" " ind2=" " tag="300">
      <marc:subfield code="b">Ill.</marc:subfield>
   </marc:datafield>
   <marc:datafield ind1="0" ind2=" " tag="490">
      <marc:subfield code="v">Band 3</marc:subfield>
   </marc:datafield>
   <marc:datafield ind1=" " ind2=" " tag="338">
      <marc:subfield code="a">Band</marc:subfield>
   </marc:datafield>
   <marc:datafield ind1=" " ind2=" " tag="300">
      <marc:subfield code="a">178 S.</marc:subfield>
   </marc:datafield>
</marc:record>
